000 02825cam a22004458i 4500
001 16626186
005 20110902095235.0
008 110121t20112011cau b 001 0 eng c
010 _a 2011003140
020 _a0804778469
020 _a9780804778466
040 _aCSt/DLC
_beng
_cDLC
_erda
_dDLC
041 1 _aeng
_hara
042 _apcc
043 _af-ua---
050 0 0 _aHJ1456
_b.S85 2011
082 0 0 _a336.62
_222
_bSOL
100 1 _aSulayman, Samir,
_d1968-
_eauthor.
_927370
240 1 0 _aAl-Nizam al-qawi wa-al-dawlah al-daifah.
_lEnglish
245 1 4 _aThe Autumn of Dictatorship :
_bFiscal Crisis and Political Change in Egypt under Mubarak /
_cSamer Soliman ; translated by Peter Daniel.
260 _aStanford, California :
_bStanford University Press, 2011
_c2011
300 _a206 p. ;
_c23 cm.
490 1 _aStanford studies in Middle Eastern and Islamic societies and cultures
_927371
500 _aTranslated from the Arabic.
504 _aIncludes bibliographical references and index.
505 0 _aPreface -- Growth of the state under Mubarak : follow the revenue trail -- Changes in the distribution of state revenues : security prevails -- The impact of the fiscal crisis on the relationship between central and local government : decentralization or fragmentation? -- From the rentier to the predatory state : transformations in the mechanisms for generating public revenues and their political consequences -- The end of the rentier/caretaker state and the rise of Egyptian capitalism : a fiscal infrastructure for democracy? -- Epilogue.
650 0 _aFinance, Public
_zEgypt.
_927372
651 0 _aEgypt
_xPolitics and government
_y1981-
_927373
651 0 _aEgypt
_xEconomic policy.
_927374
651 0 _aEgypt
_xEconomic conditions
_y1981-
_927375
653 _bPol
_cSeptember2011
700 1 _aDaniel, Peter
_q(Peter Otto),
_etranslator.
_927376
830 0 _aStanford studies in Middle Eastern and Islamic societies and cultures.
_927377
942 _2ddc
_cNB
999 _c16089
_d16089